Advances in Organometallic Chemistry Volume 26

Guardado en:
Detalles Bibliográficos
Otros Autores: Stone, F.G.A (Editor), West, Robert (Editor)
Formato: Libro
Lenguaje:inglés
Publicado: Orlando Academic Press 1986
Materias:
Acceso en línea:Ver en el OPAC
Etiquetas: Agregar Etiqueta
Sin Etiquetas, Sea el primero en etiquetar este registro!

MARC

LEADER 00000nam a2200000 a 4500
005 20260127134405.0
008 090601 1986 xxu 000 0 eng d
020 |a 0120311267 
035 |a vtls009519820 
039 9 |y 200906011109  |z mschk03 
040 |a STUSCHK1  |b slo  |c STUSCHK1  |e AACR2 
080 |a 547.1´13 
245 1 |a Advances in Organometallic Chemistry  |n Volume 26  |c edited by F.G.A. Stone, Robert West 
260 |a Orlando  |b Academic Press  |c 1986 
300 |a vi, 401 s.  |b il.  |c 23,5 cm 
650 0 |a organometallic 
650 0 |a organometallic Sonochemistry 
700 1 |a Stone, F.G.A.  |4 edt 
700 1 |a West, Robert  |4 edt 
910 |a SCHK95 
919 |a 0-12-031126-7 
999 |c 11600  |d 11600